Estatísticas para Países com a menor poluição do ar

Clique aqui para jogar o quiz

Estatísticas Gerais

  • Esse quiz foi jogado 89 vezes
  • A pontuação média é 13 de 21

Estatísticas das Respostas

μg/m3populaçãopaís% Correto
6,437 milCanadá
89%
6,210 milSuécia
89%
6,5< 1 milIslândia
87%
7,05,4 milNoruega
87%
5,95,6 milFinlândia
86%
8,625 milAustrália
85%
105,8 milDinamarca
82%
6,04,8 milNova Zelândia
82%
10,38,6 milSuíça
75%
8,210,3 milPortugal
67%
9,746 milEspanha
63%
8,24,8 milIrlanda
59%
10,567 milReino Unido
56%
7,4329 milEstados Unidos
54%
6,71,3 milEstônia
54%
10,4< 1 milLuxemburgo
53%
10,3< 1 milAndorra
46%
9,33,5 milUruguai
29%
7,8< 1 milMaldivas
27%
5,9< 1 milBrunei
16%
10,2< 1 milIlhas Marshall
13%

Distribuição das Pontuações

Percentil de Números Respondidos

Porcentagem de Pessoas com Cada Pontuação

Sua Pontuação Histórica

Você não jogou esse quiz